[Event "27th Chicago Open"]
[Site "Chicago"]
[Date "2018.05.28"]
[Round "9.1"]
[White "Shimanov, Aleksandr"]
[Black "Liang, Awonder"]
[Result "1/2-1/2"]
[WhiteElo "2625"]
[BlackElo "2561"]
[PlyCount "35"]
[EventDate "2018.05.??"]
[EventType "swiss"]
[EventRounds "9"]
[EventCountry "USA"]

1. d4 Nf6 2. c4 e6 3. Nf3 d5 4. Nc3 c5 5. cxd5 Nxd5 6. e4 Nxc3 7. bxc3 cxd4 8.
cxd4 Bb4+ 9. Bd2 Bxd2+ 10. Qxd2 O-O 11. Bc4 Nd7 12. O-O b6 13. a4 Bb7 14. Rfe1
Nf6 15. Bd3 h6 16. a5 bxa5 17. Rxa5 Qc7 18. Rc1 1/2-1/2

[Event "27th Chicago Open"]
[Site "Chicago"]
[Date "2018.05.28"]
[Round "9.3"]
[White "Jumabayev, Rinat"]
[Black "Shabalov, Alexander"]
[Result "0-1"]
[WhiteElo "2621"]
[BlackElo "2564"]
[PlyCount "115"]
[EventDate "2018.05.??"]
[EventType "swiss"]
[EventRounds "9"]
[EventCountry "USA"]

1. Nf3 Nf6 2. g3 g6 3. Bg2 Bg7 4. d4 O-O 5. O-O d5 6. c4 dxc4 7. Na3 c3 8. bxc3
c5 9. Re1 Nd5 10. Bb2 Nc6 11. e4 Nb6 12. h3 Na5 13. Rb1 Bd7 14. Ba1 e6 15. Bf1
Bc6 16. Bb5 Qd6 17. Bxc6 bxc6 18. Bb2 f5 19. Qe2 Na4 20. e5 Qd8 21. Ba1 f4 22.
g4 cxd4 23. cxd4 Qd5 24. Kg2 Rfd8 25. Rec1 Bf8 26. Nc4 Rac8 27. Ncd2 Qxa2 28.
Qe4 Nb6 29. Bc3 Nac4 30. Ra1 Nxd2 31. Bxd2 Qd5 32. Qxd5 Nxd5 33. Rxa7 c5 34.
Ra6 c4 35. Rxe6 c3 36. Be1 Ba3 37. Ra1 Bb2 38. Ra7 Ra8 39. Rd6 Nb4 40. Bxc3
Bxc3 41. Ng5 Rxa7 42. Rxd8+ Kg7 43. Ne6+ Kf7 44. Nxf4 Bd2 45. Ne2 Nd3 46. Rh8
Kg7 47. Rb8 Rf7 48. f4 Nxf4+ 49. Nxf4 Bxf4 50. Ra8 g5 51. e6 Rb7 52. Kf3 Kf6
53. d5 Bd6 54. Ke4 Rb4+ 55. Kf3 Rb3+ 56. Ke4 Bc5 57. d6 Bxd6 58. Ra5 0-1

[Event "27th Chicago Open"]
[Site "Chicago"]
[Date "2018.05.28"]
[Round "9"]
[White "Sevian, Samuel"]
[Black "Checa, Nicolas"]
[Result "1-0"]
[WhiteElo "2613"]
[BlackElo "2481"]
[PlyCount "95"]
[EventDate "2018.05.??"]
[EventType "swiss"]
[EventRounds "9"]
[EventCountry "USA"]

1. Nf3 d5 2. g3 Nf6 3. Bg2 e6 4. O-O Be7 5. d4 b5 6. Nbd2 O-O 7. Ne5 c5 8. dxc5
Bxc5 9. e4 Bb7 10. Nd3 Bb6 11. e5 Nfd7 12. Nf3 Nc6 13. Bg5 Qc7 14. Qe2 b4 15.
Rac1 Ba6 16. Rfe1 Nc5 17. Be3 Rac8 18. h4 h6 19. h5 Ne4 20. Nd2 Bxe3 21. Qxe3
Nxd2 22. Qxd2 Bxd3 23. cxd3 Qb6 24. Kf1 Qd4 25. f4 a5 26. Bf3 Ne7 27. Bg4 a4
28. Kg2 a3 29. bxa3 bxa3 30. Kh3 Rc6 31. Rxc6 Nxc6 32. Rb1 Rb8 33. Rxb8+ Nxb8
34. Qc1 Nd7 35. Qxa3 Qg1 36. Kh4 Qh2+ 37. Bh3 g5+ 38. hxg6 Nf8 39. gxf7+ Kg7
40. f5 Qd2 41. Qe7 Kh7 42. Qf6 Qb4+ 43. Kh5 Qd2 44. fxe6 Qe2+ 45. g4 Qe3 46.
Qf5+ Kg7 47. Qf6+ Kh7 48. Bg2 1-0

[Event "27th Chicago Open"]
[Site "Chicago"]
[Date "2018.05.28"]
[Round "9"]
[White "Bora, Safal"]
[Black "Li, Ruifeng"]
[Result "1/2-1/2"]
[WhiteElo "2385"]
[BlackElo "2587"]
[PlyCount "39"]
[EventDate "2018.05.??"]
[EventType "swiss"]
[EventRounds "9"]
[EventCountry "USA"]

1. Nf3 c5 2. g3 Nc6 3. Bg2 g6 4. c4 Bg7 5. Nc3 e6 6. O-O Nge7 7. e3 O-O 8. d4
cxd4 9. Nxd4 d5 10. cxd5 exd5 11. Nde2 Bg4 12. h3 Be6 13. Nf4 Qd7 14. Qb3 Na5
15. Qb5 Qxb5 16. Nxb5 Rfc8 17. Bd2 Nc4 18. Bb4 Nc6 19. Bc3 Nxb2 20. Nxd5
1/2-1/2

[Event "27th Chicago Open"]
[Site "Chicago"]
[Date "2018.05.28"]
[Round "9"]
[White "Macieja, Bartlomiej"]
[Black "Shetty, Atulya"]
[Result "1/2-1/2"]
[WhiteElo "2534"]
[BlackElo "2373"]
[PlyCount "84"]
[EventDate "2018.05.??"]
[EventType "swiss"]
[EventRounds "9"]
[EventCountry "USA"]

1. e4 e6 2. d4 d5 3. Nc3 Nf6 4. e5 Nfd7 5. f4 c5 6. Nf3 Nc6 7. Be3 a6 8. Qd2 b5
9. a3 Qb6 10. g3 Bb7 11. Bg2 Rc8 12. Ne2 Na5 13. b3 c4 14. Qd1 b4 15. a4 Be7
16. O-O O-O 17. h4 f5 18. h5 Rc7 19. Kf2 Rfc8 20. Ra2 Nf8 21. Rh1 Bc6 22. Bh3
Be8 23. g4 fxg4 24. Bxg4 cxb3 25. cxb3 Rc3 26. Nxc3 bxc3 27. Ne1 Nxb3 28. Qb1
Rc4 29. Bd1 Rb4 30. Qd3 Rc4 31. Qb1 Rb4 32. Qc2 Nd2 33. Bxd2 cxd2 34. Nf3 Rxd4
35. Nxd4 Qxd4+ 36. Kg3 Qe3+ 37. Bf3 Bxh5 38. Rxh5 Qg1+ 39. Kh3 Qf1+ 40. Kg3
Qg1+ 41. Kh3 Qf1+ 42. Kg3 Qg1+ 1/2-1/2

[Event "27th Chicago Open"]
[Site "Chicago"]
[Date "2018.05.28"]
[Round "9"]
[White "Schmakel, Sam"]
[Black "Zierk, Steven"]
[Result "0-1"]
[WhiteElo "2428"]
[BlackElo "2487"]
[PlyCount "133"]
[EventDate "2018.05.??"]
[EventType "swiss"]
[EventRounds "9"]
[EventCountry "USA"]

1. e4 e6 2. d4 d5 3. Nc3 Bb4 4. e5 c5 5. a3 Bxc3+ 6. bxc3 Qa5 7. Bd2 Qa4 8. Qg4
Kf8 9. Qd1 b6 10. dxc5 bxc5 11. Nf3 Nd7 12. Rb1 Ne7 13. Bb5 Qe4+ 14. Be3 Nf5
15. O-O Nxe3 16. fxe3 Nxe5 17. Nxe5 Qxe3+ 18. Kh1 Qxe5 19. c4 h5 20. cxd5 Rh6
21. Bc6 Rb8 22. Rxb8 Qxb8 23. d6 Rf6 24. Rxf6 gxf6 25. d7 Bxd7 26. Bxd7 h4 27.
Bc6 Qe5 28. Bb5 Qf4 29. Bf1 Ke7 30. Qf3 Qc1 31. c4 f5 32. Kg1 Kd6 33. g3 hxg3
34. Qxg3+ f4 35. Qd3+ Ke5 36. Kf2 Kf6 37. Qd8+ Kf5 38. Qd3+ Kf6 39. h4 Kg7 40.
Bg2 Kh6 41. Kf3 Qe1 42. Kg4 Qe5 43. Bf3 f5+ 44. Kh3 Qg7 45. Be2 e5 46. Qf3 Qg6
47. Bd1 a6 48. Be2 a5 49. Bd1 Qe8 50. Qg2 Qd8 51. Qd5 Qf6 52. Qxc5 e4 53. Qxa5
Qd6 54. Qe1 Qxa3+ 55. Kh2 Qc1 56. Qg1 Qd2+ 57. Kh1 f3 58. c5 f2 59. Qg5+ Qxg5
60. hxg5+ Kxg5 61. Kg2 Kf6 62. Kxf2 f4 63. Bb3 Ke7 64. Bd5 e3+ 65. Ke2 Kd7 66.
Kd3 Kc7 67. Bf3 0-1

[Event "27th Chicago Open"]
[Site "Chicago"]
[Date "2018.05.28"]
[Round "9"]
[White "Katz, Alexander"]
[Black "Petesch, Gabriel"]
[Result "1-0"]
[WhiteElo "2355"]
[BlackElo "2266"]
[PlyCount "91"]
[EventDate "2018.05.??"]
[EventType "swiss"]
[EventRounds "9"]
[EventCountry "USA"]

1. e4 e5 2. Nf3 Nc6 3. Bc4 Be7 4. O-O d6 5. Nc3 Bg4 6. h3 Bh5 7. Re1 Nf6 8. g4
Bg6 9. d4 O-O 10. Bb5 Nxd4 11. Nxd4 exd4 12. Qxd4 c6 13. Bd3 Nd7 14. Bf4 Ne5
15. Be2 Re8 16. Rad1 f6 17. Bg3 Bf7 18. a4 a6 19. Kg2 b5 20. f4 Nd7 21. Bf3 Bf8
22. h4 Qb6 23. Qd2 b4 24. Ne2 b3 25. c3 Nc5 26. Nd4 Nxa4 27. g5 Nc5 28. gxf6
gxf6 29. e5 d5 30. f5 Kh8 31. e6 Bg8 32. h5 Ne4 33. Bxe4 dxe4 34. Bh4 Qb7 35.
Bxf6+ Bg7 36. Qg5 Rf8 37. Bxg7+ Qxg7 38. Qxg7+ Kxg7 39. Rxe4 c5 40. h6+ Kf6 41.
Nxb3 Kxf5 42. Nxc5 Rfc8 43. Rd5+ Kg6 44. Nd7 Rc7 45. Rg4+ Kxh6 46. Rd1 1-0

[Event "27th Chicago Open"]
[Site "Chicago"]
[Date "2018.05.28"]
[Round "9"]
[White "Homa, Seth"]
[Black "Torres Rosas, Luis Carlos"]
[Result "*"]
[WhiteElo "2231"]
[BlackElo "2346"]
[PlyCount "75"]
[EventDate "2018.05.??"]
[EventType "swiss"]
[EventRounds "9"]
[EventCountry "USA"]

1. c4 Nf6 2. Nc3 g6 3. e4 d6 4. d4 Bg7 5. Nf3 O-O 6. Be2 e5 7. d5 a5 8. Bg5 Na6
9. Nd2 c6 10. O-O Nc5 11. b3 h6 12. Be3 Nfd7 13. a3 f5 14. f3 f4 15. Bf2 g5 16.
Rb1 Na6 17. dxc6 bxc6 18. b4 axb4 19. axb4 Rf6 20. b5 Nab8 21. Nb3 Kh7 22. Qc2
c5 23. Nd5 Rg6 24. Ra1 Rxa1 25. Rxa1 h5 26. h3 Nb6 27. Nxb6 Qxb6 28. Qc3 Be6
29. Qa5 Qb7 30. Qa7 Qc8 31. b6 Nc6 32. Qa8 Bf6 33. Ra7+ Rg7 34. Rxg7+ Kxg7 35.
b7 Qc7 36. Bd1 Qb6 37. Na5 Qb1 38. Nxc6 *

[Event "27th Chicago Open"]
[Site "Chicago"]
[Date "2018.05.28"]
[Round "9"]
[White "Posthuma, Joshua"]
[Black "Moore, Nickolas"]
[Result "1-0"]
[WhiteElo "2247"]
[BlackElo "2092"]
[PlyCount "51"]
[EventDate "2018.05.??"]
[EventType "swiss"]
[EventRounds "9"]
[EventCountry "USA"]

1. d4 Nf6 2. c4 c5 3. d5 b5 4. cxb5 a6 5. e3 axb5 6. Bxb5 Qa5+ 7. Nc3 Bb7 8.
Bd2 Qb6 9. Qb3 e6 10. e4 Nxe4 11. Nxe4 Bxd5 12. Qd3 f5 13. Ng3 Bxg2 14. N1e2
Bxh1 15. Nxh1 Nc6 16. a4 Ne5 17. Qc3 Qb7 18. O-O-O Nc6 19. Be3 Kf7 20. Kb1 d6
21. Nf4 Ne5 22. Ng3 Rc8 23. Qb3 Qe7 24. Nxf5 c4 25. Nxe7 cxb3 26. Nxc8 1-0

[Event "27th Chicago Open"]
[Site "Chicago"]
[Date "2018.05.28"]
[Round "9"]
[White "Gabuzyan, Hovhannes"]
[Black "Nyzhnyk, Illya"]
[Result "0-1"]
[WhiteElo "2542"]
[BlackElo "2618"]
[PlyCount "66"]
[EventDate "2018.05.??"]
[EventType "swiss"]
[EventRounds "9"]
[EventCountry "USA"]

1. Nf3 Nf6 2. g3 g6 3. Bg2 Bg7 4. c4 c6 5. O-O d5 6. d4 O-O 7. Qb3 Qb6 8. Nc3
Be6 9. c5 Qa6 10. Bf4 Nbd7 11. Rfc1 Ne4 12. Qd1 f6 13. Nd2 f5 14. e3 Qa5 15.
Nf3 h6 16. Rab1 Qd8 17. b4 a6 18. a4 Bf7 19. Be5 Nef6 20. b5 axb5 21. axb5 g5
22. bxc6 bxc6 23. Rb7 Bh5 24. Qb3 Bxf3 25. Bc7 Qc8 26. Bxf3 Kh8 27. Rb1 Ne4 28.
Nxe4 fxe4 29. Bg4 Nxc5 30. Bxc8 Nxb3 31. R1xb3 Raxc8 32. g4 Kg8 33. Bg3 Kf7 0-1

[Event "27th Chicago Open"]
[Site "Chicago"]
[Date "2018.05.28"]
[Round "8.1"]
[White "Shabalov, Alexander"]
[Black "Shimanov, Aleksandr"]
[Result "0-1"]
[WhiteElo "2564"]
[BlackElo "2625"]
[PlyCount "60"]
[EventDate "2018.05.??"]
[EventType "swiss"]
[EventRounds "9"]
[EventCountry "USA"]

1. e4 c6 2. Ne2 d5 3. e5 c5 4. c3 Nc6 5. d4 Bg4 6. dxc5 Nxe5 7. Qd4 Bxe2 8.
Bxe2 Nc6 9. Qa4 e6 10. b4 a6 11. O-O g6 12. Bb2 Bg7 13. Nd2 Nge7 14. Rad1 O-O
15. Qc2 Qc7 16. Nb3 Rad8 17. a4 Nf5 18. b5 axb5 19. axb5 Ne5 20. Ba3 Ra8 21.
Bb4 Rfc8 22. Ra1 Bf8 23. Qb2 Rxa1 24. Rxa1 Nd7 25. b6 Qe5 26. Ra7 Nxb6 27. cxb6
Bxb4 28. Rxb7 Rxc3 29. Qa2 Rxb3 30. Qxb3 Qxe2 0-1

[Event "27th Chicago Open"]
[Site "Chicago"]
[Date "2018.05.28"]
[Round "8"]
[White "Li, Ruifeng"]
[Black "Gabuzyan, Hovhannes"]
[Result "1/2-1/2"]
[WhiteElo "2587"]
[BlackElo "2542"]
[PlyCount "109"]
[EventDate "2018.05.??"]
[EventType "swiss"]
[EventRounds "9"]
[EventCountry "USA"]

1. e4 c5 2. Nc3 a6 3. g3 b5 4. Bg2 Bb7 5. d3 e6 6. Nh3 d5 7. exd5 Nf6 8. Bg5
Be7 9. O-O Nxd5 10. Bxe7 Kxe7 11. Qg4 Kf8 12. Nf4 Nf6 13. Qg5 Bxg2 14. Qxc5+
Qe7 15. Qc8+ Qe8 16. Qxe8+ Kxe8 17. Nxg2 Nc6 18. Ne2 Rc8 19. Ne3 Ke7 20. Rfd1
Rhd8 21. d4 g5 22. c3 h6 23. f3 Na5 24. Kf2 Rb8 25. Rac1 Nc4 26. b3 Nxe3 27.
Kxe3 Nd5+ 28. Kf2 Rdc8 29. Rd2 Rc7 30. c4 Rbc8 31. c5 b4 32. a3 a5 33. axb4
Nxb4 34. Nc3 Rb8 35. Ra1 Rd7 36. Rxa5 Nc6 37. Ra6 Rxd4 38. Rxd4 Nxd4 39. Ke3
Nxf3 40. Rb6 Rxb6 41. cxb6 Ne5 42. b7 Nc6 43. Nb5 Kd7 44. Nd4 Nb8 45. Nf3 Kd6
46. h4 gxh4 47. gxh4 Nd7 48. Nd2 Kc7 49. Nc4 f6 50. Na5 h5 51. b4 Nf8 52. Ke4
Ng6 53. Nc6 f5+ 54. Ke3 Kxb7 55. Nd8+ 1/2-1/2

[Event "27th Chicago Open"]
[Site "Chicago"]
[Date "2018.05.28"]
[Round "8"]
[White "Larson, Matthew"]
[Black "Stukopin, Andrey"]
[Result "0-1"]
[WhiteElo "2379"]
[BlackElo "2580"]
[PlyCount "52"]
[EventDate "2018.05.??"]
[EventType "swiss"]
[EventRounds "9"]
[EventCountry "USA"]

1. d4 c5 2. d5 d6 3. c4 g6 4. Nc3 Bg7 5. e4 e6 6. Nf3 exd5 7. exd5 Nd7 8. Be2
Ne7 9. Bf4 Ne5 10. Nxe5 dxe5 11. Bg5 h6 12. Be3 b6 13. g4 Bd7 14. Qd2 Nc8 15.
f4 Bxg4 16. fxe5 Bxe5 17. O-O-O Bxe2 18. Qxe2 O-O 19. Bxh6 Re8 20. Qg4 Nd6 21.
Bd2 Qc8 22. Qxc8 Raxc8 23. b3 Kg7 24. Rde1 f6 25. Ne4 Nxe4 26. Rxe4 Bb2+ 0-1

[Event "27th Chicago Open"]
[Site "Chicago"]
[Date "2018.05.28"]
[Round "8"]
[White "Fridman, Daniel"]
[Black "Shmeliov, Denis"]
[Result "1/2-1/2"]
[WhiteElo "2636"]
[BlackElo "2443"]
[PlyCount "117"]
[EventDate "2018.05.??"]
[EventType "swiss"]
[EventRounds "9"]
[EventCountry "USA"]

1. Nf3 d5 2. c4 c6 3. d4 Nf6 4. Nc3 dxc4 5. a4 Bf5 6. Ne5 e6 7. f3 Bb4 8. e4
Bxe4 9. fxe4 Nxe4 10. Bd2 Qxd4 11. Nxe4 Qxe4+ 12. Qe2 Bxd2+ 13. Kxd2 Qd5+ 14.
Kc2 Na6 15. Nxc4 O-O 16. Qf3 Rfd8 17. Be2 Qc5 18. Rhf1 Nb4+ 19. Kb1 Qe7 20. Ra3
Rd5 21. Qf2 c5 22. Rf3 Rf8 23. Rg3 Rfd8 24. h4 Qd7 25. b3 Rf5 26. Rf3 Rxf3 27.
Qxf3 Nc6 28. Qf2 Qe7 29. g4 Nd4 30. Bd1 Rd5 31. Ne3 Rd8 32. g5 b5 33. axb5 Nxb5
34. Kb2 a5 35. Nc4 Nd4 36. Kc1 Nf5 37. Bc2 Nd4 38. Bd1 Rf8 39. Qg2 Qd7 40. h5
Qb5 41. g6 hxg6 42. hxg6 fxg6 43. Rxf8+ Kxf8 44. Qa8+ Ke7 45. Qa7+ Kf6 46. Nd6
Nxb3+ 47. Kb2 Qa4 48. Qf7+ Ke5 49. Qxg7+ Kxd6 50. Qf8+ Kc7 51. Bxb3 Qd4+ 52.
Kb1 a4 53. Qe7+ Kb6 54. Qxe6+ Ka5 55. Bc2 g5 56. Qg8 Kb4 57. Qb8+ Ka3 58. Qg3+
Kb4 59. Qb8+ 1/2-1/2

[Event "27th Chicago Open"]
[Site "Chicago"]
[Date "2018.05.28"]
[Round "8"]
[White "Ostrovskiy, Aleksandr"]
[Black "Belous, Vladimir"]
[Result "1/2-1/2"]
[WhiteElo "2401"]
[BlackElo "2585"]
[PlyCount "64"]
[EventDate "2018.05.??"]
[EventType "swiss"]
[EventRounds "9"]
[EventCountry "USA"]

1. e4 c5 2. Nf3 Nc6 3. Bb5 d6 4. O-O Bd7 5. Re1 Nf6 6. c3 a6 7. Bf1 Bg4 8. d4
cxd4 9. cxd4 d5 10. exd5 Nxd5 11. Nc3 e6 12. h3 Bh5 13. Nxd5 Qxd5 14. g4 Bg6
15. Bg2 Bb4 16. Ne5 Qb5 17. a4 Qb6 18. Nxg6 hxg6 19. d5 Rd8 20. Be3 Qa5 21. Qb3
Bxe1 22. dxc6 Bb4 23. cxb7 O-O 24. Rc1 Bd6 25. Bb6 Qd2 26. Qc3 Qf4 27. Bxd8
Rxd8 28. Rd1 Kh7 29. b3 Bc5 30. Rxd8 Qxf2+ 31. Kh2 Qg1+ 32. Kg3 Qf2+ 1/2-1/2

[Event "27th Chicago Open"]
[Site "Chicago"]
[Date "2018.05.28"]
[Round "8"]
[White "Ali Marandi, Cemil Can"]
[Black "Rozman, Levy"]
[Result "1-0"]
[WhiteElo "2521"]
[BlackElo "2389"]
[PlyCount "73"]
[EventDate "2018.05.??"]
[EventType "swiss"]
[EventRounds "9"]
[EventCountry "USA"]

1. Nf3 d5 2. g3 c6 3. Bg2 Bg4 4. O-O Nd7 5. d4 e6 6. Nbd2 Ngf6 7. Re1 Bd6 8. e4
dxe4 9. Nxe4 Nxe4 10. Rxe4 Bh5 11. c3 Qc7 12. Re1 O-O 13. Qb3 Bxf3 14. Bxf3
Rae8 15. Be3 e5 16. dxe5 Rxe5 17. Bd4 Nc5 18. Qc4 b5 19. Qf1 Re6 20. Qg2 Rxe1+
21. Rxe1 Nd3 22. Re2 c5 23. Be3 c4 24. Bd5 Qa5 25. a3 Qa4 26. Rd2 Bxa3 27. bxa3
Qxa3 28. Qe4 Qxc3 29. Re2 Nc1 30. Bxc1 Qxc1+ 31. Kg2 Qg5 32. Ra2 c3 33. Rxa7
Rd8 34. Bxf7+ Kh8 35. Bb3 Qc5 36. Bc2 g6 37. Rxh7+ 1-0

[Event "27th Chicago Open"]
[Site "Chicago"]
[Date "2018.05.28"]
[Round "8"]
[White "Nyzhnyk, Illya"]
[Black "Katz, Alexander"]
[Result "1-0"]
[WhiteElo "2618"]
[BlackElo "2355"]
[PlyCount "63"]
[EventDate "2018.05.??"]
[EventType "swiss"]
[EventRounds "9"]
[EventCountry "USA"]

1. d4 Nf6 2. Nf3 e6 3. Bf4 c5 4. e3 Nc6 5. Nbd2 d5 6. c3 Bd6 7. Bg3 O-O 8. Bd3
b6 9. Qe2 Bb7 10. Rd1 h6 11. Ne5 Bxe5 12. dxe5 Nd7 13. f4 f6 14. exf6 Nxf6 15.
e4 d4 16. Bc4 Kh8 17. O-O Qe8 18. Bh4 e5 19. f5 Na5 20. Be6 dxc3 21. bxc3 Qa4
22. Bxf6 Rxf6 23. Nf3 Qxe4 24. Qxe4 Bxe4 25. Nxe5 Nc6 26. Nd7 Rxe6 27. fxe6 Re8
28. Rd6 Na5 29. Rf8+ Rxf8 30. Nxf8 Nb7 31. Rd7 Kg8 32. Ng6 1-0

[Event "27th Chicago Open"]
[Site "Chicago"]
[Date "2018.05.28"]
[Round "8"]
[White "Shetty, Atulya"]
[Black "Plotkin, Mark"]
[Result "1-0"]
[WhiteElo "2373"]
[BlackElo "2169"]
[PlyCount "65"]
[EventDate "2018.05.??"]
[EventType "swiss"]
[EventRounds "9"]
[EventCountry "USA"]

1. c4 b6 2. Nc3 Bb7 3. d4 e6 4. a3 Nf6 5. d5 exd5 6. cxd5 Qe7 7. Bf4 d6 8. g3
g6 9. Bg2 Bg7 10. Nf3 O-O 11. O-O Nbd7 12. Rc1 a6 13. Re1 Ne5 14. Nxe5 dxe5 15.
Bg5 Rfd8 16. Ne4 c6 17. dxc6 Bxc6 18. Rxc6 Rxd1 19. Rxd1 h6 20. Bxf6 Qa7 21.
Bxg7 Kxg7 22. Nf6 Rb8 23. Rd7 Rb7 24. Nh5+ Kh7 25. Rxb7 Qxb7 26. Rxg6 Qc8 27.
Rc6 Qd8 28. Nf6+ Kg7 29. Bd5 b5 30. Rxa6 Qc8 31. Rc6 Qf5 32. Be4 Qg5 33. e3 1-0

[Event "27th Chicago Open"]
[Site "Chicago"]
[Date "2018.05.28"]
[Round "8"]
[White "Torres Rosas, Luis Carlos"]
[Black "Colas, Joshua"]
[Result "1/2-1/2"]
[WhiteElo "2346"]
[BlackElo "2262"]
[PlyCount "38"]
[EventDate "2018.05.??"]
[EventType "swiss"]
[EventRounds "9"]
[EventCountry "USA"]

1. d4 Nf6 2. c4 e6 3. Nc3 Bb4 4. e3 O-O 5. Bd3 d5 6. Nf3 c5 7. O-O cxd4 8. exd4
dxc4 9. Bxc4 b6 10. Bg5 Bb7 11. Rc1 Be7 12. Re1 Nc6 13. a3 Rc8 14. Ba2 Nd5 15.
Bd2 Nxc3 16. Bxc3 Bf6 17. d5 exd5 18. Bxd5 Bxc3 19. Rxc3 Na5 1/2-1/2

[Event "27th Chicago Open"]
[Site "Chicago"]
[Date "2018.05.28"]
[Round "8"]
[White "Miellier, Yan"]
[Black "Song, Edward"]
[Result "1/2-1/2"]
[WhiteElo "2050"]
[BlackElo "2288"]
[PlyCount "86"]
[EventDate "2018.05.??"]
[EventType "swiss"]
[EventRounds "9"]
[EventCountry "USA"]

1. d4 d5 2. c4 e6 3. Nc3 c6 4. Nf3 dxc4 5. a4 Bb4 6. e3 b5 7. Bd2 a5 8. axb5
Bxc3 9. Bxc3 cxb5 10. b3 Bb7 11. bxc4 b4 12. Bb2 Nf6 13. Bd3 Nbd7 14. O-O O-O
15. Nd2 Qc7 16. Bc2 e5 17. f3 Rfe8 18. Ba4 Bc6 19. Nb3 Bxa4 20. Rxa4 Qxc4 21.
Rxa5 Rxa5 22. Nxa5 Qb5 23. Nb3 e4 24. Nc5 Nxc5 25. dxc5 Qxc5 26. Bd4 Qd5 27.
Qa1 exf3 28. Rxf3 Re6 29. Qa7 Qd6 30. Rf5 Re8 31. Qb7 Rb8 32. Qf3 b3 33. Be5
Qb6 34. Rxf6 gxf6 35. Qg3+ Kf8 36. Bxf6 b2 37. Qg7+ Ke8 38. Qg8+ Kd7 39. Qxf7+
Kc6 40. Qe6+ Kb7 41. Qxb6+ Kxb6 42. Bxb2 Kc6 43. Be5 Rg8 1/2-1/2

[Event "27th Chicago Open"]
[Site "Chicago"]
[Date "2018.05.27"]
[Round "7.1"]
[White "Dragun, Kamil"]
[Black "Aldama Degurnay, Dionisio"]
[Result "1/2-1/2"]
[WhiteElo "2591"]
[BlackElo "2432"]
[PlyCount "101"]
[EventDate "2018.05.??"]
[EventType "swiss"]
[EventRounds "9"]
[EventCountry "USA"]

1. e4 c5 2. Nf3 e6 3. d4 cxd4 4. Nxd4 a6 5. c4 Nf6 6. Nc3 d6 7. Be2 Be7 8. O-O
O-O 9. Be3 Nc6 10. Rc1 Bd7 11. f3 Qb8 12. Nc2 Rd8 13. Qd2 b5 14. cxb5 axb5 15.
Bxb5 d5 16. exd5 Ne5 17. Bxd7 Rxd7 18. Bd4 Nxd5 19. Nxd5 Rxd5 20. Qc3 Ng6 21.
Ne3 Rd7 22. Kh1 Bb4 23. Qc4 Bd6 24. Qc6 Rd8 25. Qb6 Bxh2 26. Qxb8 Bxb8 27. Bb6
Re8 28. a3 Bf4 29. Rc2 Rab8 30. Nc4 Rec8 31. Bd4 Rb3 32. Nd2 Rxc2 33. Nxb3 e5
34. Rf2 Rc4 35. Bc5 f6 36. Re2 h5 37. Kg1 Bh6 38. Bb4 f5 39. Bc3 e4 40. fxe4
Nf4 41. Re1 fxe4 42. Nd2 Rc6 43. Nxe4 Rg6 44. g3 h4 45. Kh2 hxg3+ 46. Nxg3 Kf7
47. Re5 Rg4 48. Nf5 Bg5 49. Ne3 Rh4+ 50. Kg3 Bf6 51. Rf5 1/2-1/2

[Event "27th Chicago Open"]
[Site "Chicago"]
[Date "2018.05.27"]
[Round "7.2"]
[White "Shimanov, Aleksandr"]
[Black "Ashwin, Jayaram"]
[Result "1-0"]
[WhiteElo "2625"]
[BlackElo "2483"]
[PlyCount "73"]
[EventDate "2018.05.??"]
[EventType "swiss"]
[EventRounds "9"]
[EventCountry "USA"]

1. c4 e6 2. Nc3 d5 3. d4 a6 4. cxd5 exd5 5. g3 Nf6 6. Bg2 Bd6 7. Nh3 h6 8. O-O
O-O 9. Nf4 c6 10. f3 Qb6 11. Kh1 Rd8 12. Na4 Qa7 13. e4 dxe4 14. fxe4 Bg4 15.
Qd3 Bxf4 16. gxf4 Rxd4 17. Qc2 b5 18. Nc3 Rd8 19. e5 Nd5 20. Qe4 f5 21. Qe1
Nxc3 22. Qxc3 Be2 23. Re1 Bc4 24. e6 Qe7 25. b3 Bd5 26. Bxd5 cxd5 27. Bb2 Ra7
28. Rad1 Rc7 29. Qe5 Rc2 30. Rg1 d4 31. Rxg7+ Qxg7 32. Rg1 Qxg1+ 33. Kxg1 Rxb2
34. e7 Re8 35. Qf6 Rxe7 36. Qxe7 d3 37. Qe6+ 1-0

[Event "27th Chicago Open"]
[Site "Chicago"]
[Date "2018.05.27"]
[Round "7.3"]
[White "Azarov, Sergei"]
[Black "Jumabayev, Rinat"]
[Result "1/2-1/2"]
[WhiteElo "2560"]
[BlackElo "2621"]
[PlyCount "42"]
[EventDate "2018.05.??"]
[EventType "swiss"]
[EventRounds "9"]
[EventCountry "USA"]

1. e4 e6 2. d4 d5 3. Nd2 c5 4. Ngf3 cxd4 5. Nxd4 Nf6 6. exd5 a6 7. Bd3 Qxd5 8.
N4f3 Nbd7 9. O-O b6 10. Nc4 Bb7 11. Bf4 Nh5 12. Be3 Qc6 13. Re1 Be7 14. Bf1
Nhf6 15. Nfe5 Nxe5 16. Nxe5 Qc7 17. Bf4 Qc5 18. Nd3 Qc6 19. Ne5 Qc5 20. Nd3 Qc6
21. Ne5 Qc5 1/2-1/2

[Event "27th Chicago Open"]
[Site "Chicago"]
[Date "2018.05.27"]
[Round "7.4"]
[White "Macieja, Bartlomiej"]
[Black "Durarbayli, Vasif"]
[Result "0-1"]
[WhiteElo "2534"]
[BlackElo "2618"]
[PlyCount "80"]
[EventDate "2018.05.??"]
[EventType "swiss"]
[EventRounds "9"]
[EventCountry "USA"]

1. c4 c5 2. Nf3 Nf6 3. d4 cxd4 4. Nxd4 e6 5. g3 Qc7 6. b3 Bb4+ 7. Bd2 Bc5 8. e3
b6 9. Bg2 Bb7 10. Nb5 Qc8 11. O-O a6 12. N5c3 Bxg2 13. Kxg2 O-O 14. Na4 b5 15.
Qf3 Nc6 16. cxb5 axb5 17. Nxc5 Ne5 18. Qb7 Qxc5 19. Rc1 Qd6 20. Qxb5 Nd3 21.
Rc3 Nxf2 22. Kxf2 Ne4+ 23. Ke1 Rfb8 24. Qd3 Qe5 25. a4 Ra5 26. Na3 Rd5 27. Rac1
h5 28. Nc4 Qf5 29. Qf1 Qg6 30. Qf4 d6 31. a5 Nxc3 32. Bxc3 Rxb3 33. e4 Rc5 34.
Bd2 Rd3 35. Be3 e5 36. Qf3 Rc6 37. Ke2 Rb3 38. Qf5 Rxe3+ 39. Kxe3 Qh6+ 40. Kf3
Qxc1 0-1

[Event "27th Chicago Open"]
[Site "Chicago"]
[Date "2018.05.27"]
[Round "7"]
[White "Shabalov, Alexander"]
[Black "Ali Marandi, Cemil Can"]
[Result "1-0"]
[WhiteElo "2564"]
[BlackElo "2521"]
[PlyCount "137"]
[EventDate "2018.05.??"]
[EventType "swiss"]
[EventRounds "9"]
[EventCountry "USA"]

1. d4 d5 2. c4 c6 3. cxd5 cxd5 4. Bg5 Nc6 5. Nc3 h6 6. Bh4 g5 7. Bg3 Bg7 8. e3
Nf6 9. Bd3 O-O 10. h3 Ne4 11. Nxe4 dxe4 12. Bxe4 f5 13. Bxc6 bxc6 14. Ne2 Ba6
15. O-O f4 16. exf4 gxf4 17. Nxf4 Bxf1 18. Qb3+ Rf7 19. Ne6 Qb6 20. Rxf1 Qxb3
21. axb3 Rf5 22. Nxg7 Kxg7 23. Be5+ Kf7 24. Rc1 Rc8 25. f4 h5 26. d5 c5 27. Kf2
e6 28. d6 Ke8 29. g4 hxg4 30. hxg4 Rf7 31. Rh1 Kd7 32. g5 Rg8 33. Kg3 Kc6 34.
Kg4 Rb7 35. Rh6 Kd5 36. Rh2 Kc6 37. Rh1 a5 38. Rh2 Kd5 39. Rd2+ Kc6 40. Bf6 Kd7
41. Rd3 Kc6 42. Be7 Kd7 43. Rc3 Kc6 44. Re3 Kd7 45. Re5 Rc8 46. Re3 a4 47. bxa4
Rxb2 48. Bf6 Rg2+ 49. Kf3 Ra2 50. Be5 Rxa4 51. Kg4 c4 52. g6 Ra5 53. Rh3 Rxe5
54. fxe5 c3 55. Rh1 c2 56. Rc1 Rc4+ 57. Kf3 Rc3+ 58. Kf4 Rc4+ 59. Ke3 Rg4 60.
Rxc2 Rxg6 61. Rc7+ Kd8 62. Re7 Rh6 63. Kd4 Rg6 64. Kc5 Rh6 65. Kc6 Rh1 66. Rxe6
Rc1+ 67. Kd5 Rd1+ 68. Ke4 Re1+ 69. Kf5 1-0

[Event "27th Chicago Open"]
[Site "Chicago"]
[Date "2018.05.27"]
[Round "7"]
[White "Sevian, Samuel"]
[Black "Shetty, Atulya"]
[Result "1-0"]
[WhiteElo "2613"]
[BlackElo "2373"]
[PlyCount "59"]
[EventDate "2018.05.??"]
[EventType "swiss"]
[EventRounds "9"]
[EventCountry "USA"]

1. e4 e6 2. d4 d5 3. Nc3 Nf6 4. e5 Nfd7 5. f4 c5 6. Nf3 Nc6 7. Be3 a6 8. Qd2 b5
9. Bd3 Qb6 10. Qf2 cxd4 11. Nxd4 Nxd4 12. Bxd4 Bc5 13. Ne2 b4 14. O-O a5 15. f5
exf5 16. Bxf5 Bxd4 17. Nxd4 O-O 18. Rae1 Nc5 19. Bxc8 Raxc8 20. Nf5 Qc7 21. Qh4
Qd8 22. Ne7+ Kh8 23. Rf4 h6 24. Rf6 Kh7 25. Nf5 Ne6 26. Rxh6+ gxh6 27. Qxh6+
Kg8 28. Re3 Qg5 29. Rg3 Qxg3 30. Ne7# 1-0